000 00762cab a2200229 4500
001 ##L134188
008 060717n2006 000 0 eng u
035 _a(Sirsi) u134188
041 0 _aeng
100 1 _aBenzine, Adam
245 0 0 _aThames Gateway and Essex
_bregional
260 _c2006
490 0 _aProperty Week
_v71(28) 14 July 2006, 101-109(6)
520 _aLooks at the scheme to house displaced Olympic zone industrial occupiers; the sale of Romford's Liberty shopping centre; and an ambitious speculative office scheme in Chelmsford.
590 _aIKA180706
651 4 _aTHAMES GATEWAY
651 4 _aESSEX
651 4 _aROMFORD
651 4 _aCHELMSFORD
690 _aPROPERTY-COMMERCIAL PROPERTY-COMMERCIAL PROPERTY MARKET
942 _n0
999 _c77398
_d77398